Genogramas en la evaluación familiar / (Registro nro. 67614)

MARC details
000 -LÍDER
fixed length control field 01329cam a2200385 a 4500
001 - NÚMERO DE CONTROL
control field u209845
003 - IDENTIFICADOR DEL NÚMERO DE CONTROL
control field MX-MeUAM
005 - FECHA Y HORA DE LA ULTIMA TRANSACCIÓN
control field 20250107105649.0
008 - ELEMENTOS DE LONGITUD FIJA -- INFORMACIÓN GENERAL
fixed length control field 010619s1996 sp a fr 001 00spa
020 ## - NÚMERO INTERNACIONAL NORMALIZADO PARA LIBROS
ISBN 8474324939
020 ## - NÚMERO INTERNACIONAL NORMALIZADO PARA LIBROS
ISBN 9788474324938
040 ## - FUENTE DE LA CATALOGACION
Idioma de la catalogación spa
Agencia que realiza la transcripción MX-MeUAM
041 1# - CÓDIGO DE IDIOMA
Código de idioma para texto/pista de sonido o título separado spa
Código de idioma de la versión original y/o traducciones intermedias eng
050 #4 - SIGNATURA TOPOGRÁFICA DE LA BIBLIOTECA DEL CONGRESO
Número clasificador RC488.5
Número del ítem M2318 1996
100 1# - ASIENTO PRINCIPAL--NOMBRE PERSONAL
Nombre personal McGoldrick, Monica.
245 10 - MENCIÓN DE TITULO
Título Genogramas en la evaluación familiar /
Mención de responsabilidad, etc. Monica McGoldrick, Randy Gerson ; [traducción, Claudia R. Ferrari]
250 ## - MENCIÓN DE EDICIÓN
Mención de edición 2a ed.
260 ## - PUBLICACIÓN, DISTRIBUCIÓN, ETC. (PIE DE IMPRENTA)
Lugar de publicación, distribución, etc. Barcelona, España :
Nombre del editor, distribuidor, etc. Editorial Gedisa,
Fecha de publicación, distribución, etc. 1996
300 ## - DESCRIPCIÓN FÍSICA
Extensión 195 p. :
Otros detalles físicos il. ;
Dimensiones 23 cm.
490 0# - MENCIÓN DE SERIE
Mención de serie Coleccion terapia familiar.
500 ## - NOTA GENERAL
Nota general Reimpresión: 2011.
500 ## - NOTA GENERAL
Nota general Traducción de: Genograms in family assessment.
504 ## - NOTA DE BIBLIOGRAFÍA, ETC.
Nota de bibliografía, etc. Incluye referencias bibliográficas e índice.
590 ## - NOTA LOCAL
Nota local CveAsig: 44459;
590 ## - NOTA LOCAL
Nota local ProgEdu: 79017;
590 ## - NOTA LOCAL
Nota local AresCon: EDUCACIÓN.HUMANIDADES;
650 #7 - ASIENTO SECUNDARIO DE MATERIA - TERMINO TEMÁTICO
Fuente del encabezamiento o término lemb
Término temático o nombre geográfico como elemento de entrada Psicoterapia familiar
Subdivisión general Técnica.
650 #7 - ASIENTO SECUNDARIO DE MATERIA - TERMINO TEMÁTICO
Fuente del encabezamiento o término lemb
Término temático o nombre geográfico como elemento de entrada Conducta (Psicología)
Subdivisión general Evaluación
Subdivisión de forma Cuadros, ilustraciones, etc.
650 #7 - ASIENTO SECUNDARIO DE MATERIA - TERMINO TEMÁTICO
Fuente del encabezamiento o término lemb
Término temático o nombre geográfico como elemento de entrada Familia.
650 #7 - ASIENTO SECUNDARIO DE MATERIA - TERMINO TEMÁTICO
Fuente del encabezamiento o término lemb
Término temático o nombre geográfico como elemento de entrada Familia.
Subdivisión general Aspectos psicológicos.
700 1# - ASIENTO SECUNDARIO - NOMBRE PERSONAL
Nombre personal Person, Randy.
Término de relación coaut.
700 1# - ASIENTO SECUNDARIO - NOMBRE PERSONAL
9 (RLIN) 2625
Nombre personal Ferrari, Claudia
Término de relación tr.
942 ## - TIPO DE MATERIAL (KOHA)
Koha item type Libro
Existencias
Estado de retiro Colección Ubicación permanente Ubicación actual Fecha de ingreso Precio Signatura topográfica Código de barras Date last seen Número de copia Tipo de material Categoría 1 de ítem Categoría 2 de ítem Total Checkouts Total Renewals Checked out Date last checked out Fuente de clasificación
  Acervo General Biblioteca Central Tijuana Biblioteca Central Tijuana 11/02/2026 405.00 RC488.5 M2318 1996 TIJ047858 11/08/2016 1 Libro Monografía Material adquirido por Compra          
  Acervo General Biblioteca Central Tijuana Biblioteca Central Tijuana 07/06/2024 318.75 RC488.5 M2318 1996 TIJ110665 21/03/2018 3 Libro Monografía Material adquirido por Compra 18 4 06/04/2018 21/03/2018  
  Acervo General Biblioteca Central Tijuana Biblioteca Central Tijuana 27/11/2017 406.00 RC488.5 M2318 2011 TIJ123987 19/03/2026 1 Libro Monografía Material adquirido por Compra 15 6   17/04/2024  
  Acervo General Biblioteca Central Tijuana Biblioteca Central Tijuana 29/01/2018 355.00 RC488.5 M2318 2011 TIJ125350 19/03/2026 2 Libro Monografía   11 3   10/04/2024  
  Acervo General Biblioteca Central Tijuana Biblioteca Central Tijuana 29/01/2018 355.00 RC488.5 M2318 2011 TIJ125351 19/03/2026 3 Libro Monografía   13 3   05/02/2026  
  Acervo General Facultad de Ciencias Humanas Facultad de Ciencias Humanas 01/07/2023 318.75 RC488.5 M2318 1996 HUM024394 23/05/2019 1 Libro   Material adquirido por Compra 4     22/05/2019  
  Acervo General Facultad de Ciencias Humanas Facultad de Ciencias Humanas 01/07/2023 355.00 RC488.5 M2318 1996 HUM024396 09/03/2018 2 Libro Monografía Material adquirido por Compra 3     09/03/2018  
  Acervo General Facultad de Ciencias Humanas Facultad de Ciencias Humanas 01/07/2023 355.00 RC488.5 M2318 1996 HUM024395 17/03/2018 3 Libro Monografía Material adquirido por Compra 1     14/03/2018  
  Acervo General Facultad de Ciencias Humanas Facultad de Ciencias Humanas 16/12/2020 576.00 RC488.5 M2318 2011 HUM047951 28/11/2025 1 Libro Monografía Material adquirido por Compra 1     20/11/2025  
  Acervo General Facultad de Ciencias Humanas Facultad de Ciencias Humanas 16/12/2020 576.00 RC488.5 M2318 2011 HUM047952 16/12/2020 2 Libro Monografía Material adquirido por Compra          

Con tecnología Koha